Culture Générale - Série 2209 - Statistiques

Statistiques générales
  • Ce quiz a été pris 102 fois
  • Le résultat moyen est 4 sur 10
Statistiques - réponses
Question Réponse % Correct
Ce mot de 4 lettres peut désigner un "endroit" ou un "poisson" lieu
71%
Homme au physique avantageux mais qui est superficiel et niais.- 8 lettres commençant par " b " bellâtre
56%
Dans quel pays se trouve la ville d'Homs appelée autrefois "Emèse" ? Syrie
56%
Dans quel pays d'Amérique centrale se trouve le volcan "Arenal" ? Costa Rica
54%
Ce mot de 7 lettres commençant par " l " désigne une maison close, un bordel - voir peinture lupanar
53%
Quel animal est un "zancle" ? poisson
52%
Dans quel pays d'Asie se trouve le lac Balkhach ? Kazakhstan
39%
Quel saxophoniste surnommé "le Bird ou Yarbird " est considéré comme l'un des créateurs et principaux représentants du style bebop ? prénom et nom Charlie Parker
22%
Type de galère antique grecque possédant deux rangées de rames. birème
21%
Quelle est l'unité monétaire du Myanmar (anciennement Birmanie) ? kyat
6%
Aucun quiz correspondant
Distribution des résultats
% des personnes avec chaque résultat
Percentile par nombre de réponses
Votre historique - résultats
Vous n’avez pas pris ce quiz